| 000 | 00717nam a22002297a 4500 | ||
|---|---|---|---|
| 999 |
_c192366 _d192366 |
||
| 005 | 20220920115358.0 | ||
| 010 | _aENG-135134 | ||
| 020 |
_a9789381037003 _c150.00 |
||
| 035 | _aEN-118666 | ||
| 037 | _bDBAD / PUB | ||
| 082 | _a170 | ||
| 245 |
_aEthics: _bClassical And Contemporary Issues/ _cEdited By Priyambada Sarkar ...[et.al] |
||
| 260 |
_aKolkata _bDepartment Of Philosophy University Of Calcutta _c2010 |
||
| 270 | _bKolkata | ||
| 300 |
_a140p. _c22cm(hb). _bBibliography, References |
||
| 700 | _aSarkar, Priyambada | ||
| 700 | _aChanda, Nini | ||
| 700 | _aBanerjee, Aparna | ||
| 700 | _aChatterjee, Krishna | ||
| 700 | _aBhattacharyya, Shyamasree | ||
| 942 |
_2ddc _cEN _mSAR _h170 |
||